Hindus : Their Religious Beliefs and practices (Record no. 22732)
[ view plain ]
| 000 -LEADER | |
|---|---|
| fixed length control field | 00435pam a2200157 a 4500 |
| 020 ## - INTERNATIONAL STANDARD BOOK NUMBER | |
| ISBN | 0415051819 |
| 082 ## - DEWEY DECIMAL CLASSIFICATION NUMBER | |
| Classification number | 294.5 |
| Author Cutter | LIP |
| 100 1# - MAIN ENTRY--AUTHOR NAME | |
| Author name | Lipner, Julius. |
| 245 10 - TITLE STATEMENT | |
| Title | Hindus : Their Religious Beliefs and practices |
| 260 ## - PUBLICATION, DISTRIBUTION, ETC. (IMPRINT) | |
| Place of publication | London ; |
| -- | New York : |
| Name of publisher | Routledge, |
| Year of publication | 1994. |
| 300 ## - PHYSICAL DESCRIPTION | |
| Number of Pages | xiii, 317 p. ; |
| 650 #0 - SUBJECT ADDED ENTRY--TOPICAL TERM | |
| Topical Term | Hinduism. |
| 856 42 - ELECTRONIC LOCATION AND ACCESS | |
| Uniform Resource Identifier | http://www.loc.gov/catdir/enhancements/fy0648/93003813-d.html |
| 942 ## - ADDED ENTRY ELEMENTS (KOHA) | |
| Koha item type | Books |
No items available.
